Phân tích hoạt động sản xuất kinh doanh của doanh nghiệp

Trình bày đối tượng, phương pháp tổ chức phân tích hoạt động kinh doanh. Phân tích môi trường thị trường và chiến lược kinh doanh của doanh nghiệp. Phân tích kết quả hoạt động sản xuất, phân tích chi phí và giá thành sản xuất,......

Full beskrivning

Sparad:
Bibliografiska uppgifter
Huvudupphovsman: Nguyễn, Năng Phúc
Materialtyp: Bok
Språk:Undetermined
Publicerad: Hà Nội Thống Kê 1998
Ämnen:
Taggar: Lägg till en tagg
Inga taggar, Lägg till första taggen!
Thư viện lưu trữ: Trung tâm Học liệu Trường Đại học Cần Thơ
LEADER 00972nam a2200205Ia 4500
001 CTU_30759
008 210402s9999 xx 000 0 und d
020 |c 33000 
082 |a 338.5 
082 |b Ph506 
100 |a Nguyễn, Năng Phúc 
245 0 |a Phân tích hoạt động sản xuất kinh doanh của doanh nghiệp 
245 0 |c Nguyễn Năng Phúc 
260 |a Hà Nội 
260 |b Thống Kê 
260 |c 1998 
520 |a Trình bày đối tượng, phương pháp tổ chức phân tích hoạt động kinh doanh. Phân tích môi trường thị trường và chiến lược kinh doanh của doanh nghiệp. Phân tích kết quả hoạt động sản xuất, phân tích chi phí và giá thành sản xuất,... 
650 |a Production ( economic theory ),Managerial economics 
904 |i Minh, Năm 
980 |a Trung tâm Học liệu Trường Đại học Cần Thơ